| 000 | 00974nam a22002657a 4500 | ||
|---|---|---|---|
| 999 |
_c21652 _d21652 |
||
| 003 | AR-CdUCM | ||
| 008 | 190319b ||||| |||| 00| 0 spa d | ||
| 020 | _a9786124041457 | ||
| 040 |
_aMUNICIPALIDAD PROVINCIAL DEL CUSCO _cBIBLIOTECA MUNICIPAL DEL CUSCO |
||
| 082 |
_a612.804/C86 _bC86 |
||
| 100 |
_aCoveñas Rodríguez, Rafael _945675 |
||
| 245 |
_aAvances en neurociencias : neuropéptidos : _binvestigación básica y clínica / _cRafael Coveñas, Luis Aguilar |
||
| 260 |
_aLima ; _bUniversidad Peruana de Ciencias Aplicadas, _c2010. |
||
| 300 |
_a274 Páginas. : _c24 cm. |
||
| 500 | _zBibliografía: p. 265-274. | ||
| 650 |
_aNeuropéptidos _945676 |
||
| 650 |
_aNeurotransmisores _945677 |
||
| 650 |
_aSistema nervioso _926592 |
||
| 650 |
_aTrastornos mentales _945678 |
||
| 650 |
_aEnfermedades _95611 |
||
| 700 |
_aAguilar Mendoza, Luis Ángel _945679 |
||
| 710 |
_aUniversidad Peruana de Ciencias Aplicadas _945331 |
||
| 942 |
_2ddc _cLIBROS |
||
| 945 | _aRoel | ||